|
|
|
|
| LEADER |
01271nam a2200277 u 4500 |
| 001 |
10027075 |
| 003 |
upatras |
| 005 |
20210117205958.0 |
| 008 |
960408s1985 ge eng |
| 020 |
|
|
|a 354015213X
|q (Χαρτόδ. μαλακό)
|
| 040 |
|
|
|a GR-PaULI
|c GR-PaULI
|
| 041 |
0 |
|
|a eng
|
| 245 |
1 |
0 |
|a Non-linear equations in classical and quantum field theory
|b Proceedings of a Seminar Series Held at DAPHE, Observatoire de Meudon, and LPTHE, Universite Pierre et Marie Curie, Paris, Between October 1983 and October 1984
|c Edited by N. Sanchez
|
| 260 |
|
|
|a Berlin
|b Springer Verlag
|c 1985
|
| 300 |
|
|
|a vii, 400 p.
|b fig.
|c 24 cm
|
| 490 |
0 |
|
|a Lecture notes in physics
|v 226
|
| 505 |
1 |
|
|a Includes references
|
| 650 |
|
4 |
|a Μαθηματικά
|9 104
|
| 650 |
|
4 |
|9 7
|a Κβαντική θεωρία πεδίων
|
| 650 |
|
4 |
|9 671
|a Εξισώσεις, Μη γραμμικές διαφορικές
|
| 700 |
1 |
|
|a Sanchez, N.
|9 152781
|
| 760 |
1 |
|
|a Lecture notes in physics
|g 226
|
| 852 |
|
|
|a GR-PaULI
|b ΠΑΤΡΑ
|b ΦΥΣΙΚΟ
|k ΑΕΧ-1
|h 51.7 SAN
|m 02510
|p 025000021933
|t 1
|
| 942 |
|
|
|2 ddc
|c BK15
|
| 952 |
|
|
|0 0
|1 0
|4 0
|6 51_700000000000000_SAN
|7 0
|9 197474
|a PHYS
|b PHYS
|d 2016-04-24
|i 02510
|l 0
|o 51.7 SAN
|p 025000021933
|r 2016-04-24 00:00:00
|t 1
|w 2016-04-24
|y BK15
|
| 999 |
|
|
|c 121266
|d 121266
|